00926nam a2200193Ia 4500008004100000020001500041041001200056082001600068100001400084245004500098260002500143300000800168650001200176942000700188999001500195952018200210952017000392952017000562221030s9999 xx 000 0 und d a0074630393 aEnglish a105.23bBei aA. Beiser 0aConcepts Of Modern Physicscby A. Beiser bTMHaNew Delhic2002 a534 aPhysics cBK c8342d8342 pBE 6675g245.00l1o105.23 Beir2024-06-13 00:00:00s2024-03-29w2022-10-30yBK003Print4070aMIETLIBbMIETLIBcBL-Academic Block C, FL-2, CUP-8, SH-4, R-4d2003-04-2810HBE pBE 6676g245.00l0o105.23 Beir2024-06-13 00:00:00w2022-10-30yBK003Print4070aMIETLIBbMIETLIBcBL-Academic Block C, FL-2, CUP-8, SH-4, R-4d2003-04-2810HBE pBE 6677g245.00l0o105.23 Beir2024-06-13 00:00:00w2022-10-30yBK003Print4070aMIETLIBbMIETLIBcBL-Academic Block C, FL-2, CUP-8, SH-4, R-4d2003-04-2810HBE